Statistics for Name That Young Dictator

Click here to take the quiz!

General Stats

  • This quiz has been taken 68 times
  • The average score is 6 of 13

Answer Stats

Answer% Correct
Saddam Hussein
92%
Mao Zedong
86%
Adolf Hitler
83%
Idi Amin
76%
Robert Mugabe
73%
Muammar Gaddafi
71%
Benito Mussolini
46%
Kim Il Sung
36%
Francisco Franco
29%
Nicolae Ceaucescu
24%
Josip Broz Tito
15%
Ferdinand Marcos
10%
Slobodan Milosevic
7%

Score Distribution

Percentile by Number Answered

Percent of People with Each Score

Your Score History

You have not taken this quiz